PSYCHOLOGY EXPRESS: RESEARCH METHODS IN PSYCHOLOGY (Record no. 15075)
[ view plain ]
| 000 -LEADER | |
|---|---|
| fixed length control field | 00281nam a22001217a 4500 |
| 003 - CONTROL NUMBER IDENTIFIER | |
| control field | SGT |
| 082 ## - DEWEY DECIMAL CLASSIFICATION NUMBER | |
| Classification number | 150 |
| Item number | P14J |
| 100 ## - MAIN ENTRY--PERSONAL NAME | |
| Personal name | JONES, STEVE |
| 245 ## - TITLE STATEMENT | |
| Title | PSYCHOLOGY EXPRESS: RESEARCH METHODS IN PSYCHOLOGY |
| 260 ## - PUBLICATION, DISTRIBUTION, ETC. (IMPRINT) | |
| Place of publication, distribution, etc | INDIA |
| Name of publisher, distributor, etc | PERSON |
| Year of Publication | 2014 |
| 300 ## - PAGE DESCRIPTION | |
| No. of Pages | 197 |
| 942 ## - ADDED ENTRY ELEMENTS (KOHA) | |
| Source of classification or shelving scheme | Dewey Decimal Classification |
| Koha item type | Books |
| 942 ## - ADDED ENTRY ELEMENTS (KOHA) | |
| -- | 45 |
| Withdrawn status | Lost status | Source of classification or shelving scheme | Damaged status | Not for loan | Collection code | Home library | Current library | Shelving location | Date acquired | Vendor Name | Cost, normal purchase price | SGTU | Bill Number | Total Checkouts | Full call number | Accession No. (Barcode) | Date last seen | Date last borrowed | Bill Date | Koha item type | Checked out |
|---|---|---|---|---|---|---|---|---|---|---|---|---|---|---|---|---|---|---|---|---|---|
| Dewey Decimal Classification | MEDICAL | SGT Engineering Library | SGT Engineering Library | Text Book | 05/02/2018 | ABC | 149.00 | SGTU | 9089 | 14 | 150 P14J | FM10416 | 26/03/2026 | 05/03/2026 | 13/12/2017 | Books | |||||
| Dewey Decimal Classification | MEDICAL | SGT Engineering Library | SGT Engineering Library | Text Book | 05/02/2018 | ABC | 149.00 | SGTU | 9089 | 15 | 150 P14J | FM10418 | 24/05/2024 | 07/05/2024 | 13/12/2017 | Books | |||||
| Dewey Decimal Classification | MEDICAL | SGT Engineering Library | SGT Engineering Library | Text Book | 05/02/2018 | ABC | 149.00 | SGTU | 9089 | 10 | 150 P14J | FM10419 | 21/05/2026 | 21/05/2026 | 13/12/2017 | Books | 04/06/2026 | ||||
| Dewey Decimal Classification | MEDICAL | SGT Engineering Library | SGT Engineering Library | Text Book | 05/02/2018 | ABC | 149.00 | SGTU | 9089 | 11 | 150 P14J | FM10420 | 04/10/2023 | 20/09/2023 | 13/12/2017 | Books | |||||
| Dewey Decimal Classification | MEDICAL | SGT Engineering Library | SGT Engineering Library | Text Book | 05/02/2018 | ABC | 149.00 | SGTU | 9089 | 14 | 150 P14J | FM10422 | 11/08/2025 | 08/08/2025 | 13/12/2017 | Books | |||||
| Dewey Decimal Classification | MEDICAL | SGT Engineering Library | SGT Engineering Library | Text Book | 05/02/2018 | ABC | 149.00 | SGTU | 9089 | 14 | 150 P14J | FM10424 | 27/01/2026 | 21/01/2026 | 13/12/2017 | Books | |||||
| Lost and Paid For | Dewey Decimal Classification | ENGINEERING | SGT Engineering Library | SGT Engineering Library | Text Book | 05/02/2018 | ABC | 149.00 | SGTU | 9089 | 5 | 150 P14J | FM10425 | 17/08/2021 | 31/07/2021 | 13/12/2017 | Books | ||||
| Dewey Decimal Classification | MEDICAL | SGT Medical Library | SGT Medical Library | Text Book | 05/02/2018 | ABC | 149.00 | SGTU | 9089 | 4 | 150 P14J | FM10417 | 07/04/2023 | 27/03/2023 | 13/12/2017 | Books | |||||
| Long Overdue (Lost) | Dewey Decimal Classification | MEDICAL | SGT Medical Library | SGT Medical Library | Text Book | 05/02/2018 | ABC | 149.00 | SGTU | 9089 | 1 | 150 P14J | FM10421 | 13/09/2018 | 13/09/2018 | 13/12/2017 | Books | 27/09/2018 | |||
| Dewey Decimal Classification | MEDICAL | SGT Medical Library | SGT Medical Library | Text Book | 05/02/2018 | ABC | 149.00 | SGTU | 9089 | 3 | 150 P14J | FM10423 | 26/10/2018 | 17/10/2018 | 13/12/2017 | Books |